00574nam a2200229Ia 4500008004000000020001800040041000800058082001700066100001800083245005700101260006600158300000900224650001200233650001100245650001100256650000700267650001400274650001500288650000900303650000600312700002600318210210b2011 xxu||||| |||| 00| 0 eng d a9788184655148 aeng a364.153 LUKD aLUKAS (Berin) aDark shadow: a narrative of public sexual harassment aBangalorebDepartment of Sociology, St. Josephs Collegec2011 ax,97 ashadow: asexual apublic aof anarrative aharassment aDark aa aKASHYAP (Nikasha) Eds